[Event "Mittelfrankenliga 05/06 (B1)"]
[Site "Mfr.2005/06-R5"]
[Date "2006.01.29"]
[Round "5.3"]
[White "Liepold, Stefan"]
[Black "Steger, Otmar"]
[Result "1-0"]
[WhiteElo "2187"]
[BlackElo "1984"]
[Annotator "Nbg.1911/1-SG/TB Erlangen1"]
[PlyCount "113"]
[EventDate "2006.01.29"]
[SourceDate "2005.10.17"]

1. e4 d5 2. exd5 Qxd5 3. Nc3 Qd8 4. d4 Nf6 5. Nf3 Bg4 6. Be2 e6 7. h3 Bh5 8. g4
Bg6 9. Ne5 Nfd7 10. Nxg6 hxg6 11. Be3 c6 12. Qd3 Na6 13. a3 Qa5 14. O-O-O O-O-O
15. Ne4 Be7 16. Qb3 Nc7 17. Kb1 Qd5 18. Qd3 Nb6 19. Nd2 Bf6 20. c4 Qd7 21. Ne4
Be7 22. Qc2 Qe8 23. Bf4 Rd7 24. a4 Qd8 25. a5 Nba8 26. Be3 Na6 27. d5 exd5 28.
cxd5 Nb4 29. Qa4 Rxd5 30. Bc5 Bxc5 31. Nxc5 Qe7 32. Rxd5 Nxd5 33. Qc4 Nac7 34.
a6 b6 35. Ne4 f5 36. gxf5 gxf5 37. Ng3 Qb4 38. Qxb4 Nxb4 39. Nxf5 Rf8 40. Bg4
Kb8 41. Nxg7 Rxf2 42. Bf5 Ncxa6 43. h4 Nc5 44. h5 Na4 45. h6 Rxb2+ 46. Kc1 Re2
47. Bb1 Na2+ 48. Bxa2 Rxa2 49. Rh3 Ra1+ 50. Kd2 Ra2+ 51. Ke1 Ra1+ 52. Kf2 Nc5
53. h7 Ne4+ 54. Ke2 Ra2+ 55. Kd1 Ra1+ 56. Kc2 Ra2+ 57. Kb3 1-0

[Event "Mittelfrankenliga 05/06 (B1)"]
[Site "Mfr.2005/06-R5"]
[Date "2006.01.29"]
[Round "5.4"]
[White "Augustin, Achim"]
[Black "Martin Fernandez, Rodrigo"]
[Result "1-0"]
[WhiteElo "1948"]
[BlackElo "2057"]
[Annotator "Nbg.1911/1-SG/TB Erlangen1"]
[PlyCount "109"]
[EventDate "2006.01.29"]
[SourceDate "2005.10.17"]

1. d4 d5 2. Bg5 c6 3. Nd2 Bf5 4. e3 Nd7 5. Ngf3 h6 6. Bh4 Ngf6 7. Bxf6 Nxf6 8.
Ne5 e6 9. Bd3 Bxd3 10. Nxd3 Bd6 11. O-O O-O 12. f4 b6 13. Qf3 c5 14. g4 Rc8 15.
c3 cxd4 16. exd4 Nh7 17. Rae1 Re8 18. Qh3 Qd7 19. Nf3 f6 20. Nh4 g5 21. Ng6 Kg7
22. f5 exf5 23. gxf5 Qf7 24. Nf2 Rxe1 25. Rxe1 Re8 26. Rf1 Re2 27. Ng4 Bf8 28.
Qxh6+ Kg8 29. Nxf8 Qxf8 30. Qg6+ Qg7 31. Rf2 Re4 32. h3 Kf8 33. Qxg7+ Kxg7 34.
Kf1 Kf8 35. Rf3 Kf7 36. Re3 Rf4+ 37. Kg2 Nf8 38. Rf3 Rxf3 39. Kxf3 Ke7 40. Ne3
Kd6 41. Kg4 b5 42. Kh5 a5 43. Kh6 b4 44. cxb4 axb4 45. Kg7 Nd7 46. Kf7 Ne5+ 47.
Kxf6 Nf3 48. Nc2 b3 49. axb3 Ng1 50. Kxg5 Nxh3+ 51. Kf6 Nf4 52. b4 Nd3 53. Kg7
Nf4 54. f6 Ne6+ 55. Kg8 1-0

[Event "Mittelfrankenliga 05/06 (B1)"]
[Site "Mfr.2005/06-R5"]
[Date "2006.01.29"]
[Round "5.5"]
[White "Petzold, Vinzenz"]
[Black "Herbst, Thomas"]
[Result "1/2-1/2"]
[WhiteElo "2068"]
[BlackElo "1927"]
[Annotator "Nbg.1911/1-SG/TB Erlangen1"]
[PlyCount "61"]
[EventDate "2006.01.29"]
[SourceDate "2005.10.17"]

1. d4 d5 2. c4 c6 3. Nf3 Nf6 4. Nc3 a6 5. cxd5 cxd5 6. Bf4 Nc6 7. Ne5 e6 8.
Nxc6 bxc6 9. e3 c5 10. Be2 cxd4 11. Qxd4 Bd6 12. O-O O-O 13. b4 Bxf4 14. exf4
Bb7 15. Na4 Nd7 16. Rfc1 f6 17. Qd2 e5 18. Rc2 Rc8 19. Rxc8 Qxc8 20. Rc1 Qb8
21. Bf3 d4 22. Bxb7 Qxb7 23. Nc5 Nxc5 24. Rxc5 Rc8 25. Qc1 Rxc5 26. Qxc5 Qe4
27. Qc4+ Kf8 28. Qc8+ Ke7 29. Qc7+ Ke6 30. Qc8+ Kf7 31. Qd7+ 1/2-1/2

[Event "Mittelfrankenliga 05/06 (B1)"]
[Site "Mfr.2005/06-R5"]
[Date "2006.01.29"]
[Round "5.6"]
[White "Weinmann, Stefan"]
[Black "Walter, Thomas[78]"]
[Result "1-0"]
[WhiteElo "1991"]
[BlackElo "2019"]
[Annotator "Nbg.1911/1-SG/TB Erlangen1"]
[PlyCount "99"]
[EventDate "2006.01.29"]
[SourceDate "2005.10.17"]

1. d4 Nf6 2. Nf3 e6 3. Bg5 Be7 4. e3 O-O 5. Bd3 d5 6. Nbd2 c5 7. c3 b6 8. Qe2
Bb7 9. Bxf6 Bxf6 10. g4 Re8 11. g5 Bxg5 12. Nxg5 Qxg5 13. h4 Qh6 14. O-O-O Nd7
15. Rdg1 e5 16. Bf5 Nf6 17. Nf3 cxd4 18. cxd4 exd4 19. Nxd4 Kh8 20. h5 Re5 21.
f4 Re7 22. Rg5 Rae8 23. Rh3 Ne4 24. Rg6 fxg6 25. hxg6 Qxh3 26. Bxh3 Ng3 27. Qh2
Rxe3 28. Be6 h6 29. f5 Bc8 30. Qf2 Bxe6 31. Qxe3 Nxf5 32. Nxf5 Rc8+ 33. Kd1
Bxf5 34. Qg3 Be4 35. Qd6 h5 36. Qe6 Rf8 37. Ke2 Bf3+ 38. Ke3 Be4 39. Kd4 Bf5
40. Qf7 Rxf7 41. gxf7 Be4 42. f8=Q+ Kh7 43. Qf7 Kh6 44. Qf4+ g5 45. Qf6+ Bg6
46. Qh8+ Bh7 47. Ke5 h4 48. Kf6 Kh5 49. Qxh7+ Kg4 50. Qf5+ 1-0

[Event "Mittelfrankenliga 05/06 (B1)"]
[Site "Mfr.2005/06-R5"]
[Date "2006.01.29"]
[Round "5.7"]
[White "Weiss, Michael[81]"]
[Black "Pannek, Matthias"]
[Result "0-1"]
[WhiteElo "1957"]
[BlackElo "1953"]
[Annotator "Nbg.1911/1-SG/TB Erlangen1"]
[PlyCount "44"]
[EventDate "2006.01.29"]
[SourceDate "2005.10.17"]

1. d4 d5 2. Nf3 Nf6 3. c4 e6 4. Nc3 Be7 5. Bg5 h6 6. Bh4 O-O 7. e3 b6 8. Rc1
Ba6 9. Qa4 Qd7 10. Nb5 c6 11. Ne5 Qb7 12. b3 Rc8 13. Nc3 b5 14. Qa5 bxc4 15.
bxc4 Bb4 16. Qa4 Ne4 17. Nd3 Bxc3+ 18. Rxc3 Nxc3 19. Qa3 Qb1+ 20. Nc1 Nxa2 21.
Kd1 Qxc1+ 22. Qxc1 Nxc1 0-1

[Event "Mittelfrankenliga 05/06 (B1)"]
[Site "Mfr.2005/06-R5"]
[Date "2006.01.29"]
[Round "5.8"]
[White "Leising, Thomas"]
[Black "Salzwedel, Wolfgang"]
[Result "0-1"]
[WhiteElo "1918"]
[BlackElo "1977"]
[Annotator "Nbg.1911/1-SG/TB Erlangen1"]
[PlyCount "94"]
[EventDate "2006.01.29"]
[SourceDate "2005.10.17"]

1. d4 d5 2. c4 c6 3. Nc3 e6 4. Nf3 f5 5. Bf4 Nf6 6. e3 Be7 7. Qc2 O-O 8. O-O-O
a6 9. Ne5 Nbd7 10. f3 Nxe5 11. Bxe5 Bd6 12. Kb1 b5 13. Bxd6 Qxd6 14. c5 Qe7 15.
Bd3 h6 16. Rhe1 b4 17. Na4 Ra7 18. e4 dxe4 19. fxe4 f4 20. Qe2 e5 21. d5 Bg4
22. Qd2 Bxd1 23. d6 Qb7 24. Qxd1 Nd7 25. Qh5 Kh8 26. Bc4 b3 27. axb3 Qb4 28.
Rd1 Nxc5 29. Qxe5 Nxa4 30. d7 Raa8 31. bxa4 Qxc4 32. Qe7 Rad8 33. e5 Qxa4 34.
Qd6 Qe4+ 35. Kc1 Rfe8 36. dxe8=Q+ Rxe8 37. e6 Rxe6 38. Qf8+ Kh7 39. Rd8 Qc4+
40. Kd1 Qf1+ 41. Kc2 Qxg2+ 42. Kb3 Re3+ 43. Ka2 Qe4 44. Qg8+ Kg6 45. Rd6+ Kh5
46. Qf7+ g6 47. b3 Qc2+ 0-1

[Event "Mittelfrankenliga 05/06 (B1)"]
[Site "Mfr.2005/06-R5"]
[Date "2006.01.29"]
[Round "5.1"]
[White "Herning, Jens"]
[Black "Basting, Steffen"]
[Result "1/2-1/2"]
[WhiteElo "2026"]
[BlackElo "1973"]
[Annotator "SF Fürth1-Büchenbach/Ro.1"]
[PlyCount "85"]
[EventDate "2006.01.29"]
[SourceDate "2005.10.17"]

1. d4 Nf6 2. c4 g6 3. Nc3 Bg7 4. e4 d6 5. Nf3 O-O 6. Be2 e5 7. O-O Nc6 8. d5
Ne7 9. Ne1 Nd7 10. Nd3 f5 11. Bd2 Nf6 12. f3 c5 13. dxc6 Nxc6 14. Be3 Be6 15.
c5 d5 16. exd5 Nxd5 17. Nxd5 Bxd5 18. Qa4 Qe7 19. Rfe1 Kh8 20. Bf1 Rad8 21. Bf2
Qf7 22. Nb4 Nxb4 23. Qxb4 e4 24. fxe4 fxe4 25. Bd4 Bc6 26. Bxg7+ Qxg7 27. Be2
Qd4+ 28. Qxd4+ Rxd4 29. Rad1 Rfd8 30. Kf2 Rxd1 31. Rxd1 Rxd1 32. Bxd1 Kg7 33.
Ke3 Kf6 34. Kd4 Kf5 35. Be2 h5 36. g3 a6 37. b4 h4 38. Bd1 hxg3 39. hxg3 g5 40.
a4 Be8 41. Kd5 e3 42. Kd4 Bxa4 43. Bf3 1/2-1/2

[Event "Mittelfrankenliga 05/06 (B1)"]
[Site "Mfr.2005/06-R5"]
[Date "2006.01.29"]
[Round "5.2"]
[White "Kociurzynski, Andre"]
[Black "Adler, Herbert"]
[Result "1-0"]
[WhiteElo "1967"]
[BlackElo "2009"]
[Annotator "SF Fürth1-Büchenbach/Ro.1"]
[PlyCount "91"]
[EventDate "2006.01.29"]
[SourceDate "2005.10.17"]

1. e3 Nf6 2. c4 e6 3. Nf3 d5 4. b3 Be7 5. Bb2 O-O 6. Be2 c5 7. O-O Nbd7 8. d3
b6 9. cxd5 exd5 10. d4 Bb7 11. Ne5 Rc8 12. Nc3 Bd6 13. Nb5 Bb8 14. Bd3 Qe7 15.
f4 a6 16. Nc3 b5 17. Qe1 c4 18. Bc2 b4 19. Ne2 c3 20. Bc1 Ne8 21. Ng3 Nd6 22.
a3 a5 23. axb4 axb4 24. Nxd7 Qxd7 25. Qe2 Ne4 26. f5 f6 27. Nh5 Bc6 28. Qg4 Bb5
29. Bxe4 dxe4 30. Rf2 Bc6 31. Rfa2 Bd5 32. Ra6 Kh8 33. R1a4 Rf7 34. Rxb4 g6 35.
Nxf6 Rxf6 36. Rxf6 Qe7 37. fxg6 Rg8 38. g7+ Qxg7 39. Qxg7+ Kxg7 40. Rfb6 Bc7
41. Ra6 Rd8 42. Ra7 Rd7 43. g3 Kf7 44. Rb5 Ke6 45. Rc5 Bb6 46. Rxd7 1-0

[Event "Mittelfrankenliga 05/06 (B1)"]
[Site "Mfr.2005/06-R5"]
[Date "2006.01.29"]
[Round "5.3"]
[White "Haeckler, Daniel"]
[Black "Kirbach, Thomas"]
[Result "0-1"]
[WhiteElo "2054"]
[BlackElo "1936"]
[Annotator "SF Fürth1-Büchenbach/Ro.1"]
[PlyCount "48"]
[EventDate "2006.01.29"]
[SourceDate "2005.10.17"]

1. e4 e5 2. f4 d5 3. exd5 Qxd5 4. Nc3 Qe6 5. fxe5 Qxe5+ 6. Be2 Bg4 7. d4 Bxe2
8. Ngxe2 Qh5 9. Bf4 Na6 10. Qd3 O-O-O 11. O-O Nf6 12. Qc4 Rd7 13. Rae1 Qa5 14.
a3 Nb8 15. Ng3 Nc6 16. Be5 Bd6 17. Rf5 Bxe5 18. dxe5 Nd5 19. Nge4 g6 20. Rf2
Nxe5 21. Qd4 Re8 22. Nc5 Nf3+ 23. gxf3 Rxe1+ 24. Kg2 Ne3+ 0-1

[Event "Mittelfrankenliga 05/06 (B1)"]
[Site "Mfr.2005/06-R5"]
[Date "2006.01.29"]
[Round "5.4"]
[White "Koschka, Guenther"]
[Black "Kirch, Dietmar"]
[Result "0-1"]
[WhiteElo "1938"]
[BlackElo "2035"]
[Annotator "SF Fürth1-Büchenbach/Ro.1"]
[PlyCount "120"]
[EventDate "2006.01.29"]
[SourceDate "2005.10.17"]

1. e4 c6 2. d4 d5 3. exd5 cxd5 4. Nf3 Nf6 5. Bb5+ Bd7 6. Bxd7+ Qxd7 7. Ne5 Qf5
8. O-O Nc6 9. Re1 g6 10. c3 Bg7 11. Qa4 Qc8 12. Na3 Nd7 13. Nxc6 Qxc6 14. Qb4
e6 15. Nb5 Bf8 16. Qb3 a6 17. Na3 b5 18. Bf4 Nb6 19. Nc2 Bg7 20. Qb4 a5 21. Qd6
Qxd6 22. Bxd6 Kd7 23. Bf4 Nc4 24. Rab1 Rhc8 25. a3 Bf8 26. Re2 Ra7 27. g4 Rb7
28. b4 axb4 29. axb4 Ra7 30. Ne1 Rca8 31. Nd3 Ra1 32. Ree1 Rxb1 33. Rxb1 Ra2
34. Nc5+ Kc6 35. Rc1 Be7 36. g5 Nb6 37. Nb3 Na4 38. Nc5 Nxc5 39. dxc5 Ra4 40.
Rc2 d4 41. cxd4 Rxb4 42. Be3 Rc4 43. Ra2 Ra4 44. Rb2 Bd8 45. Kg2 Ba5 46. Rc2
Bc7 47. f4 b4 48. Kf3 Kd5 49. c6 Ra5 50. Bd2 Rb5 51. Bc1 b3 52. Re2 Rb6 53. Bb2
Rxc6 54. Re3 Rb6 55. Rc3 Bd6 56. Ke3 Bb4 57. Rc8 Rc6 58. Rd8+ Kc4 59. Rb8 Bc3
60. Bc1 Bxd4+ 0-1

[Event "Mittelfrankenliga 05/06 (B1)"]
[Site "Mfr.2005/06-R5"]
[Date "2006.01.29"]
[Round "5.5"]
[White "Braun, Robert[74]"]
[Black "Thiele, Heinz[56]"]
[Result "0-1"]
[WhiteElo "1960"]
[BlackElo "1994"]
[Annotator "SF Fürth1-Büchenbach/Ro.1"]
[PlyCount "88"]
[EventDate "2006.01.29"]
[SourceDate "2005.10.17"]

1. e4 c5 2. Nf3 d6 3. d4 cxd4 4. Nxd4 Nf6 5. Nc3 a6 6. Be3 e5 7. Nb3 Be6 8. Be2
Nc6 9. Bf3 Rc8 10. O-O Be7 11. Nd5 Bxd5 12. exd5 Na5 13. Nd2 Nc4 14. Nxc4 Rxc4
15. b3 Rc8 16. c4 Nd7 17. Be4 O-O 18. g4 g6 19. f4 exf4 20. Bxf4 b5 21. Rc1
bxc4 22. bxc4 Nc5 23. Bc2 Bg5 24. Qd2 Bxf4 25. Qxf4 Qc7 26. Rf3 Nd7 27. Rc3 Ne5
28. h4 Qe7 29. h5 Kh8 30. Be4 Rg8 31. hxg6 fxg6 32. Rh3 Rcf8 33. Qh6 Rg7 34. g5
Qf7 35. Qh4 Qe7 36. Rf1 Rxf1+ 37. Kxf1 Rf7+ 38. Kg1 Qf8 39. Qe1 Rf4 40. Bg2 Qe7
41. Qb4 Qxg5 42. Qb8+ Kg7 43. Qxd6 Rxc4 44. Qxa6 Rc1+ 0-1

[Event "Mittelfrankenliga 05/06 (B1)"]
[Site "Mfr.2005/06-R5"]
[Date "2006.01.29"]
[Round "5.6"]
[White "Dittmar, Thomas"]
[Black "Schoenberger, Andreas"]
[Result "1-0"]
[WhiteElo "1903"]
[BlackElo "1965"]
[Annotator "SF Fürth1-Büchenbach/Ro.1"]
[PlyCount "91"]
[EventDate "2006.01.29"]
[SourceDate "2005.10.17"]

1. d4 Nf6 2. Nf3 g6 3. c4 Bg7 4. Nc3 d6 5. e4 O-O 6. Be2 Nbd7 7. Bg5 h6 8. Bh4
e5 9. d5 g5 10. Bg3 Nh5 11. h4 Nxg3 12. fxg3 g4 13. Nh2 h5 14. O-O Nc5 15. Qc2
Bh6 16. b4 Na6 17. a3 c6 18. Bd3 Qb6+ 19. Kh1 Qe3 20. Ne2 Kg7 21. Rae1 Qb6 22.
Nc3 Qd4 23. Nd1 Bd7 24. Rf2 cxd5 25. exd5 Rac8 26. Re4 Qa1 27. Re1 Qxa3 28. Bf5
Nxb4 29. Qe4 Bxf5 30. Qxf5 Qd3 31. Qf6+ Kh7 32. Qxd6 Qxg3 33. Qxb4 Bf4 34. Nf1
Qxh4+ 35. Kg1 g3 36. Rf3 Qg4 37. Nde3 Qg5 38. d6 Rfd8 39. Qb1+ Kg7 40. Nf5+ Kf8
41. N5xg3 Rxc4 42. Qxb7 h4 43. Ne4 Rxe4 44. Qxe4 Rxd6 45. Qb4 Qg6 46. Rd1 1-0

[Event "Mittelfrankenliga 05/06 (B1)"]
[Site "Mfr.2005/06-R5"]
[Date "2006.01.29"]
[Round "5.7"]
[White "Nachtrab, Robert"]
[Black "Berkovych, Igor"]
[Result "0-1"]
[WhiteElo "1688"]
[BlackElo "1913"]
[Annotator "SF Fürth1-Büchenbach/Ro.1"]
[PlyCount "122"]
[EventDate "2006.01.29"]
[SourceDate "2005.10.17"]

1. d4 Nf6 2. c4 g6 3. Nc3 Bg7 4. Nf3 O-O 5. g3 d6 6. Bg2 Nc6 7. O-O e5 8. d5
Ne7 9. e4 a5 10. Bd2 Nd7 11. Bg5 h6 12. Be3 b6 13. Qd2 Kh7 14. Nh4 Nc5 15. Qc2
g5 16. Nf5 Nxf5 17. exf5 Kg8 18. g4 Ba6 19. Ne4 Nxe4 20. Bxe4 Bf6 21. a4 Kg7
22. Kg2 Rh8 23. Bf3 Qd7 24. Rad1 Rae8 25. b3 Bc8 26. Rh1 h5 27. h3 Reg8 28. Qd2
Kf8 29. Be4 Bd8 30. Qe2 hxg4 31. hxg4 Rh4 32. Rxh4 gxh4 33. Rh1 Qe7 34. f3 Qf6
35. Kf1 Rh8 36. g5 Qg7 37. f6 Qg8 38. Qc2 h3 39. Bf5 Bxf6 40. Bxc8 Bxg5 41.
Bxg5 Qxg5 42. Rxh3 Rg8 43. Bg4 Qf4 44. Kg2 e4 45. Kh1 f5 46. Qc3 fxg4 47. fxg4
Qxg4 48. Qf6+ Ke8 49. Qe6+ Qxe6 50. dxe6 Ke7 51. Re3 Rg4 52. Kh2 Kxe6 53. Kh3
Rf4 54. Kg3 Rf3+ 55. Rxf3 exf3 56. Kxf3 Ke5 57. Ke3 c6 58. Kd3 d5 59. cxd5 cxd5
60. Ke3 d4+ 61. Kd3 Kd5 0-1

[Event "Mittelfrankenliga 05/06 (B1)"]
[Site "Mfr.2005/06-R5"]
[Date "2006.01.29"]
[Round "5.8"]
[White "Beck, Gerhard[46]"]
[Black "Hofer, Markus"]
[Result "1-0"]
[WhiteElo "1935"]
[BlackElo "1647"]
[Annotator "SF Fürth1-Büchenbach/Ro.1"]
[PlyCount "75"]
[EventDate "2006.01.29"]
[SourceDate "2005.10.17"]

1. c4 Nf6 2. Nc3 e6 3. g3 d5 4. Bg2 c6 5. b3 Be7 6. Bb2 O-O 7. e3 e5 8. Nge2
Be6 9. cxd5 cxd5 10. d4 e4 11. O-O Nc6 12. Qd2 Qd7 13. Nf4 Bf5 14. f3 Bb4 15.
a3 exf3 16. Bxf3 Bxc3 17. Qxc3 Be4 18. b4 Ne7 19. Bxe4 Nxe4 20. Qd3 Nc8 21.
Rac1 b5 22. Rc5 Nxc5 23. dxc5 f6 24. Nxd5 Qd8 25. Bxf6 Qe8 26. Bb2 Rxf1+ 27.
Kxf1 Qf7+ 28. Kg1 Rb8 29. Qe4 a5 30. Qe5 Ra8 31. bxa5 Na7 32. Ne7+ Kh8 33. Nf5
Rg8 34. Nh6 Qb3 35. Nxg8 Qxg8 36. a6 Nc6 37. Qc7 Nb8 38. Qxg7+ 1-0

[Event "Mittelfrankenliga 05/06 (B2b)"]
[Site "Mfr.2005/06-R5"]
[Date "2006.01.29"]
[Round "5.1"]
[White "Witt, Alfred"]
[Black "Ackermann, Robert"]
[Result "0-1"]
[WhiteElo "1926"]
[BlackElo "1922"]
[Annotator "NT Nbg.4-Ansbach1"]
[PlyCount "154"]
[EventDate "2006.01.29"]
[SourceDate "2005.10.17"]

1. e4 c5 2. c3 g6 3. d4 cxd4 4. cxd4 Bg7 5. Nc3 d6 6. Nf3 Nc6 7. Bc4 Nf6 8. O-O
O-O 9. Re1 Bg4 10. Be3 Rc8 11. Be2 a6 12. h3 Bd7 13. Qd2 b5 14. e5 b4 15. exf6
bxc3 16. bxc3 Bxf6 17. Bxa6 Ra8 18. Bc4 Ra3 19. Bh6 Re8 20. Ng5 e6 21. Ne4 d5
22. Nxf6+ Qxf6 23. Bg5 Qg7 24. Bb5 Rea8 25. Bf4 Qf8 26. Bh6 Qd8 27. Bf4 Na5 28.
Bg5 Qc8 29. Bxd7 Qxd7 30. Bf6 Qc8 31. Reb1 Nb3 32. Qh6 Qf8 33. Qxf8+ Kxf8 34.
Rxb3 Rxb3 35. axb3 Rxa1+ 36. Kh2 Rc1 37. c4 dxc4 38. bxc4 Rxc4 39. Kg3 Ke8 40.
Kf4 Kd7 41. Ke5 Rc2 42. Bh4 Re2+ 43. Kf4 h6 44. Kf3 Ra2 45. Bf6 Kd6 46. h4 h5
47. g3 Kd5 48. Ke3 Ra3+ 49. Kf4 Rd3 50. Bg7 Rd2 51. Ke3 Rd1 52. Bf6 Re1+ 53.
Kd2 Ra1 54. Ke3 Ra3+ 55. Kf4 Kc4 56. Ke4 Ra2 57. Ke3 Ra3+ 58. Ke4 Ra1 59. Ke3
Re1+ 60. Kf4 Kd3 61. Kf3 Re4 62. Be5 Rxd4 63. Bxd4 Kxd4 64. Kf4 e5+ 65. Kg5 e4
66. g4 hxg4 67. Kxg4 f6 68. h5 gxh5+ 69. Kxh5 Ke5 70. Kg6 f5 71. Kg5 f4 72. Kg4
f3 73. Kg3 Kd4 74. Kg4 Kd3 75. Kh3 e3 76. fxe3 f2 77. Kg2 Ke2 0-1

[Event "Mittelfrankenliga 05/06 (B2b)"]
[Site "Mfr.2005/06-R5"]
[Date "2006.01.29"]
[Round "5.2"]
[White "Pranschke, Gerd"]
[Black "Reizine, Viatcheslav"]
[Result "1-0"]
[WhiteElo "1963"]
[BlackElo "1944"]
[Annotator "NT Nbg.4-Ansbach1"]
[PlyCount "81"]
[EventDate "2006.01.29"]
[SourceDate "2005.10.17"]

1. e4 g6 2. d4 Bg7 3. Nc3 d6 4. f4 Nf6 5. Bd3 O-O 6. Nf3 c5 7. dxc5 dxc5 8. O-O
Nc6 9. e5 Nd5 10. Ne4 b6 11. c3 Bb7 12. Qe2 Qc8 13. Be3 Nxe3 14. Qxe3 f6 15.
exf6 Bxf6 16. Bc4+ Kg7 17. Nfg5 Bxg5 18. Nxg5 Rf6 19. f5 gxf5 20. Ne6+ Kh8 21.
Ng5 e5 22. Nf7+ Kg7 23. Nxe5 Nxe5 24. Qxe5 Qc6 25. Rf3 f4 26. Re1 Raf8 27. Qg5+
Kh8 28. Re7 Rg6 29. Qe5+ Rgf6 30. Re6 Qxe6 31. Bxe6 Bxf3 32. gxf3 Kg7 33. Bd5
Kh6 34. Be4 R8f7 35. Kf2 Kg7 36. h4 Kf8 37. Bd5 Rf5 38. Qb8+ Kg7 39. Bxf7 Rxf7
40. Qe5+ Kf8 41. h5 1-0

[Event "Mittelfrankenliga 05/06 (B2b)"]
[Site "Mfr.2005/06-R5"]
[Date "2006.01.29"]
[Round "5.3"]
[White "Kiefer, Johannes"]
[Black "Lutzky, Manfred"]
[Result "1-0"]
[WhiteElo "1729"]
[BlackElo "1843"]
[Annotator "NT Nbg.4-Ansbach1"]
[PlyCount "68"]
[EventDate "2006.01.29"]
[SourceDate "2005.10.17"]

1. Nf3 d5 2. g3 Nf6 3. Bg2 e6 4. d3 Be7 5. O-O O-O 6. Nbd2 b6 7. Re1 Bb7 8. c3
c5 9. Qc2 d4 10. Nb3 Nc6 11. Ne5 Nd5 12. Nf3 Bf6 13. Bd2 Rc8 14. e4 dxe3 15.
fxe3 e5 16. a3 Qe7 17. c4 Nc7 18. Bc3 Ne6 19. Rad1 Rfd8 20. Nbd2 Rd7 21. Ne4
Rcd8 22. Rf1 Ng5 23. Nxf6+ gxf6 24. Nh4 Ne6 25. Bh3 Rc7 26. Qe2 Ng7 27. Rf2 Bc8
28. Bxc8 Rcxc8 29. Rdf1 Rd6 30. Qg4 Rcd8 31. Nf5 Qf8 32. Nxd6 Rxd6 33. Rxf6
Rxd3 34. Rxc6 Rxe3 1-0

[Event "Mittelfrankenliga 05/06 (B2b)"]
[Site "Mfr.2005/06-R5"]
[Date "2006.01.29"]
[Round "5.4"]
[White "Horstmann, Astrid"]
[Black "Nahlik, Bernhard"]
[Result "1-0"]
[WhiteElo "1710"]
[BlackElo "1846"]
[Annotator "NT Nbg.4-Ansbach1"]
[PlyCount "61"]
[EventDate "2006.01.29"]
[SourceDate "2005.10.17"]

1. c4 f5 2. Nc3 Nf6 3. d3 e6 4. e4 d5 5. cxd5 exd5 6. e5 d4 7. exf6 dxc3 8.
bxc3 Qxf6 9. d4 Bd6 10. Nf3 O-O 11. Be2 h6 12. O-O Nc6 13. Bb2 b6 14. Qd2 Bb7
15. a3 Rae8 16. Rfe1 Kh8 17. c4 Qd8 18. d5 Ne5 19. Nd4 Bc8 20. Bh5 Re7 21. Qc3
Kh7 22. Be2 a6 23. f4 Bc5 24. fxe5 Rxe5 25. Kh1 Qf6 26. Ne6 Re3 27. Nxf8+ Qxf8
28. Qd2 f4 29. Bd4 Bxd4 30. Qxd4 Qf7 31. Bd3+ 1-0

[Event "Mittelfrankenliga 05/06 (B2b)"]
[Site "Mfr.2005/06-R5"]
[Date "2006.01.29"]
[Round "5.5"]
[White "Drechsler, Alfred"]
[Black "Kelm, Klaus"]
[Result "1/2-1/2"]
[WhiteElo "1711"]
[BlackElo "1881"]
[Annotator "NT Nbg.4-Ansbach1"]
[PlyCount "25"]
[EventDate "2006.01.29"]
[SourceDate "2005.10.17"]

1. d4 Nf6 2. c4 g6 3. Nc3 Bg7 4. e4 d6 5. f3 c6 6. Be3 O-O 7. Qd2 e5 8. d5 Na6
9. g4 cxd5 10. cxd5 Bd7 11. h4 Qa5 12. Bxa6 Qxa6 13. h5 1/2-1/2

[Event "Mittelfrankenliga 05/06 (B2b)"]
[Site "Mfr.2005/06-R5"]
[Date "2006.01.29"]
[Round "5.6"]
[White "Suess, Helmut"]
[Black "Ditt, Norbert"]
[Result "0-1"]
[WhiteElo "1855"]
[BlackElo "1647"]
[Annotator "NT Nbg.4-Ansbach1"]
[PlyCount "170"]
[EventDate "2006.01.29"]
[SourceDate "2005.10.17"]

1. d4 d5 2. Nf3 Nf6 3. Bg5 e6 4. c4 c6 5. e3 Be7 6. Nc3 a5 7. Qc2 Nbd7 8. Rc1
O-O 9. h3 b6 10. Bd3 h6 11. Bh4 Ba6 12. cxd5 Bxd3 13. Qxd3 cxd5 14. O-O Rc8 15.
Bg3 Bb4 16. Nd2 Bxc3 17. Rxc3 Rxc3 18. Qxc3 Ne4 19. Nxe4 dxe4 20. Rc1 Re8 21.
Qc6 Nf6 22. Bc7 Qd5 23. Be5 Nd7 24. b3 Qxc6 25. Rxc6 Nxe5 26. dxe5 Rb8 27. Rc4
b5 28. Rxe4 Rc8 29. a4 Rc1+ 30. Kh2 Rb1 31. Rd4 Rxb3 32. Rd8+ Kh7 33. Ra8 bxa4
34. Rxa5 Ra3 35. Kg3 Ra2 36. Kf3 g5 37. g4 Ra1 38. Ra7 Kg6 39. Kg2 Ra2 40. Kf3
a3 41. Kg2 Kg7 42. Kf3 Ra1 43. Kg2 a2 44. Kh2 Kg6 45. Kg2 Kg7 46. Kf3 Kf8 47.
Kg2 Ke8 48. Kf3 Kd8 49. Kg2 Kc8 50. f4 Kb8 51. Ra3 Kb7 52. Kh2 Kc6 53. Kg2 Kb5
54. Kh2 Kb4 55. Ra7 Kb3 56. Rb7+ Kc3 57. Ra7 Kd3 58. Ra3+ Ke4 59. Kg2 gxf4 60.
exf4 Kxf4 61. Ra5 Kg5 62. Ra4 f5 63. gxf5 Kxf5 64. Ra5 h5 65. Kh2 h4 66. Kg2
Kf4 67. Kh2 Kf3 68. Ra4 Re1 69. Ra3+ Re3 70. Rxa2 Re2+ 71. Rxe2 Kxe2 72. Kg2
Ke3 73. Kh2 Kf4 74. Kg2 Kxe5 75. Kf3 Kf5 76. Ke3 e5 77. Kf3 e4+ 78. Ke3 Ke5 79.
Ke2 Kf4 80. Kf2 e3+ 81. Ke2 Ke4 82. Ke1 Kf3 83. Kf1 Kg3 84. Ke2 Kxh3 85. Kxe3
Kg2 0-1

[Event "Mittelfrankenliga 05/06 (B2b)"]
[Site "Mfr.2005/06-R5"]
[Date "2006.01.29"]
[Round "5.7"]
[White "Hartstock, Elmar,Dr."]
[Black "Zippel, Harald"]
[Result "1-0"]
[WhiteElo "1607"]
[BlackElo "1790"]
[Annotator "NT Nbg.4-Ansbach1"]
[PlyCount "59"]
[EventDate "2006.01.29"]
[SourceDate "2005.10.17"]

1. c4 Nf6 2. d4 g6 3. Nc3 Bg7 4. e4 d6 5. f3 O-O 6. Be3 a6 7. Bd3 e5 8. d5 c5
9. Nge2 Ne8 10. g4 f5 11. gxf5 gxf5 12. Qc2 f4 13. Bf2 Bd7 14. O-O-O Qa5 15.
Rdg1 b5 16. b3 bxc4 17. Bxc4 Bb5 18. Be1 Bxc4 19. bxc4 Qc7 20. Rg2 Kh8 21. Rhg1
Nd7 22. Na4 Rb8 23. Bc3 Qb7 24. Ba1 Nb6 25. Nb2 Bf6 26. Nd3 Nc7 27. Nexf4 exf4
28. Rg8+ Rxg8 29. Bxf6+ Rg7 30. Rxg7 1-0

[Event "Mittelfrankenliga 05/06 (B2b)"]
[Site "Mfr.2005/06-R5"]
[Date "2006.01.29"]
[Round "5.8"]
[White "Blank, Helmut"]
[Black "Block, Bernhard"]
[Result "1-0"]
[WhiteElo "1969"]
[BlackElo "1587"]
[Annotator "NT Nbg.4-Ansbach1"]
[PlyCount "75"]
[EventDate "2006.01.29"]
[SourceDate "2005.10.17"]

1. e4 e6 2. d4 d5 3. Nd2 c5 4. exd5 Qxd5 5. Ngf3 Nf6 6. Bc4 Qh5 7. O-O cxd4 8.
Nb3 Nc6 9. Nbxd4 Nxd4 10. Qxd4 Bc5 11. Bb5+ Ke7 12. Qa4 Rd8 13. Bf4 Bd7 14.
Bxd7 Rxd7 15. c4 Rad8 16. b4 Bd4 17. Rac1 Qf5 18. Bg3 Qe4 19. c5 a6 20. Rfe1
Qc6 21. Bd6+ Ke8 22. Qxc6 bxc6 23. Nxd4 Rc8 24. f4 Nd5 25. f5 Nxb4 26. fxe6
fxe6 27. Rxe6+ Kf7 28. Rf1+ Kg8 29. a3 Nd5 30. Nxc6 Rf7 31. Ne7+ Nxe7 32. Rxf7
Kxf7 33. Rxe7+ Kg6 34. g3 Kf6 35. Kg2 h6 36. Kf3 g6 37. Ke4 h5 38. Kd5 1-0

[Event "Mittelfrankenliga 05/06 (B2b)"]
[Site "Mfr.2005/06-R5"]
[Date "2006.01.29"]
[Round "5.1"]
[White "Diehl, Achim"]
[Black "Meyer, Friedrich[59]"]
[Result "1/2-1/2"]
[WhiteElo "1956"]
[BlackElo "1842"]
[Annotator "Gunzenhausen/Wbg.2-SW Nbg.3"]
[PlyCount "114"]
[EventDate "2006.01.29"]
[SourceDate "2005.10.17"]

1. e4 g6 2. d4 Bg7 3. Nc3 d6 4. Be3 a6 5. f4 b5 6. Qd2 Bb7 7. Bd3 Nf6 8. a3 Ng4
9. Nge2 Nxe3 10. Qxe3 O-O 11. O-O Nd7 12. Nd1 c5 13. c3 Rc8 14. e5 cxd4 15.
cxd4 Qb6 16. h3 f5 17. Kh2 dxe5 18. fxe5 e6 19. Qg3 Nb8 20. Ne3 Bh6 21. Nc2 Kh8
22. Qh4 Qc6 23. Rf2 Kg7 24. Nf4 Bxf4+ 25. Qxf4 h6 26. Qg3 Qd5 27. Ne3 Qd7 28.
Rd1 Kh7 29. Bb1 Qf7 30. Ng4 Rcd8 31. Nf6+ Kg7 32. d5 Bxd5 33. Nxd5 Rxd5 34.
Rxd5 exd5 35. Rxf5 Qe8 36. Rxf8 Kxf8 37. Bxg6 Qe6 38. Qf4+ Kg7 39. Bf5 Qe7 40.
h4 Nc6 41. Qg4+ Kf8 42. Be6 Qg7 43. Qxg7+ Kxg7 44. Bxd5 Nxe5 45. b3 Kf6 46. Be4
a5 47. Kg3 b4 48. axb4 axb4 49. Kf4 Nd7 50. g4 Nc5 51. g5+ Kg7 52. Bc2 hxg5+
53. hxg5 Ne6+ 54. Kg4 Nd4 55. Bd1 Kg6 56. Kf4 Ne6+ 57. Ke5 Nc5 1/2-1/2